Challenges to Internal security of India/ (Record no. 207368)

MARC details
000 -LEADER
fixed length control field 00632nam a22001937a 4500
005 - DATE AND TIME OF LATEST TRANSACTION
control field 20241203143128.0
010 ## - LCCN (DPL NO)
LC control number ENG-142776
020 ## - INTERNATIONAL STANDARD BOOK NUMBER
International Standard Book Number 9789355328526
Terms of availability 370.00
035 ## - SYSTEM CONTROL NUMBER
System control number EN-126308
037 ## - SOURCE OF ACQUISITION
Source of stock number/acquisition DBAD
082 ## - DEWEY DECIMAL CLASSIFICATION NUMBER
Classification number 363.2
100 ## - MAIN ENTRY--PERSONAL NAME
Personal name Ashok Kumar
245 ## - TITLE STATEMENT
Title Challenges to Internal security of India/
Statement of responsibility, etc by Ashok Kumar [and] Vipul Anekant
260 ## - PUBLICATION, DISTRIBUTION, ETC. (IMPRINT)
Place of publication, distribution, etc Chennai
Name of publisher, distributor, etc McGraw Hill Education Private Ltd
Date of publication, distribution, etc 2024
270 ## - ADDRESS
Address Anjana Complex No. 5/90 A, Butt Road, St Thomas Mount
City Chennai
Postal code 600016
300 ## - PHYSICAL DESCRIPTION
Extent xix292p.
Dimensions 23cm(pb)
700 ## - ADDED ENTRY--PERSONAL NAME
Personal name Anekant, Vipul
9 (RLIN) 74598
942 ## - ADDED ENTRY ELEMENTS (KOHA)
Source of classification or shelving scheme Dewey Decimal Classification
Item type English Books
Call number suffix ASH
Classification part 363.2
Holdings
Withdrawn status Lost status Not for loan Collection code Home library Current library Date acquired Source of acquisition Cost, normal purchase price Full call number Barcode Copy number Cost, replacement price Koha item type
      Non-fiction Ashok Vihar Ashok Vihar 03/12/2024 Delivery of Books Act Division 370.00 ASH 363.2 EN-126308 1 370.00 English Books

© Delhi Public Library
Hit Counter
free hit counter